Good practice briefing (Record no. 103868)

MARC details
000 -LEADER
fixed length control field 01189cam a2200337 4500
001 - CONTROL NUMBER
control field J128077
008 - FIXED-LENGTH DATA ELEMENTS--GENERAL INFORMATION
fixed length control field 000000n2004 000 0 eng u
035 ## - SYSTEM CONTROL NUMBER
System control number (Sirsi) u128077
041 ## - LANGUAGE CODE
Language code of text/sound track or separate title eng
050 ## - LIBRARY OF CONGRESS CALL NUMBER
Classification number 306
-- 18
110 ## - MAIN ENTRY--CORPORATE NAME
Corporate name or jurisdiction name as entry element Chartered Institute of Housing
9 (RLIN) 2394
245 ## - TITLE STATEMENT
Title Good practice briefing
Remainder of title turning empty properties into homes - issue 28 May 2004
260 ## - PUBLICATION, DISTRIBUTION, ETC.
Place of publication, distribution, etc. Coventry
-- Chartered Institute of Housing
Date of publication, distribution, etc. 2004
300 ## - PHYSICAL DESCRIPTION
Extent 15p.
Dimensions 30cm.
350 ## - PRICE (NR) (BK AM CF MU VM SE) [OBSOLETE]
Price 10
490 ## - SERIES STATEMENT
Series statement CIH Good Practice Briefing
Volume/sequential designation 28
505 ## - FORMATTED CONTENTS NOTE
Formatted contents note Empty properties in context
505 ## - FORMATTED CONTENTS NOTE
Formatted contents note The national picture
505 ## - FORMATTED CONTENTS NOTE
Formatted contents note Developing an empty property strategy
505 ## - FORMATTED CONTENTS NOTE
Formatted contents note Bringing empty properties back into use
505 ## - FORMATTED CONTENTS NOTE
Formatted contents note Reusing empty commercial properties
505 ## - FORMATTED CONTENTS NOTE
Formatted contents note Reusing empty public sector properties
520 ## - SUMMARY, ETC.
Summary, etc. This Briefing encourages landlords to take a proactive approach to securing the reuse of empty properties. References and websites.
650 ## - SUBJECT ADDED ENTRY--TOPICAL TERM
Topical term or geographic name entry element REGISTERED SOCIAL LANDLORDS
650 ## - SUBJECT ADDED ENTRY--TOPICAL TERM
Topical term or geographic name entry element EMPTY HOMES
650 ## - SUBJECT ADDED ENTRY--TOPICAL TERM
Topical term or geographic name entry element EMPTY PROPERTIES
650 ## - SUBJECT ADDED ENTRY--TOPICAL TERM
Topical term or geographic name entry element PROPERTY-COMMERCIAL PROPERTY
650 ## - SUBJECT ADDED ENTRY--TOPICAL TERM
Topical term or geographic name entry element PUBLIC SECTOR PROPERTY
690 ## - LOCAL SUBJECT ADDED ENTRY--TOPICAL TERM (OCLC, RLIN)
Topical term or geographic name as entry element HOUSING
942 ## - ADDED ENTRY ELEMENTS (KOHA)
Suppress in OPAC 0
Holdings
Withdrawn status Lost status Source of classification or shelving scheme Damaged status Not for loan Home library Current library Shelving location Date acquired Total Checkouts Full call number Barcode Date last seen Date last checked out Copy number Price effective from Koha item type
    Dewey Decimal Classification     London London Enquiry desk 22/11/2004 3 BOXED SET 30069716 06/08/2019 02/05/2008 1 06/08/2019 Book